000 00604nam a22002297a 4500
003 UA-OsUOA
001 91418
007 ta
008 20121128b un ||||| |||| 00| 0 ukr d
100 _aСтельмах М
090 _a821.161.2
_bС79
942 _cBK
040 _aUA-OsUOA
_bukr
_cUA-OsUOA
_dUA-OsUOA
245 _aТвори в шести томах
_b6
_cПоезія
300 _a510 с.
955 _a3
041 _aukr
080 _a821.161.2
260 _aК.
_bДніпро
_c1973
650 7 _a82 Література. Літературознавство
_2UDC
999 _c377677
_d377677